01877nam a2200253 4500003000400000005001700004008004100021020001800062040002100080041001300101082002300114100003100137245010700168246006100275250002200336260003800358300007100396500004700467505023800514520078400752546002801536650001701564700004201581OSt20221018161619.0220509s2011 ck ao||br|||| 00| 0dspa d a9789583037573 aCO-JMCRcCO-JMCR1 aspahger04a507.8 /bK922c2231 aKrekeler, Hermann, dautor10a49 experimentos : bSencillos y divertidos / cHermann Krekeler ; traducción, Mercedes J. Cárdenas17aCuarenta y nueve experimentos : bsencillos y divertidos aPrimera edición aBogotá : bPanamericana, c2011 a114 páginas : bilustraciones y fotografías a color ; c28 cm. aIncluye datos biográficos sobre el autor0 aFenómenos acústicos. -- Fenómenos e propulsión. -- Fenómenos de ascension. -- Fenómenos electrostáticos. -- Fenómenos "de peso". -- Fenómenos ópticos. -- Fenómenos del plano inclinado. -- ¡Trucos sorprendentes!3 a¿Cómo se produce el sonido y se hace visible? ¿Cómo funciona la corriente sin batería? ¿Qué objetos flotan y cuáles no? ¿Cómo se acumula la energía? En este libro encontrarás estas y muchas otras respuestas relacionadas con las leyes de la naturaleza, las cuales descubrirás mediante experimentos sorprendentes. Si eres una persona curiosa y te gusta saber cómo funcionan las cosas, seguro te encantará hacer los diferentes experimentos propuestos en este libro, relacionados con la acústica, la propulsión, la electrostática, el peso, el equilibrio, la óptica y la inercia. Y lo mejor: casi todo los materiales que necesitarás podrás encontrarlos en tu casa. ¡Diviértete descubriendo la explicación de diferentes fenómenos naturales! aTraducido del alemán.14aExperimentos1 aCárdenas, Mercedes J., etraductora